Catálogo
 En Linea

Belgium / (Registro nro. 35985)

Detalles MARC
000 -CABECERA
campo de control de longitud fija 00481nam a2200157 a 4500
001 - NÚMERO DE CONTROL
campo de control 000036494
005 - FECHA Y HORA DE LA ÚLTIMA TRANSACCIÓN
campo de control 20200930075749.0
008 - DATOS DE LONGITUD FIJA--INFORMACIÓN GENERAL
campo de control de longitud fija 120118s1960 enka 000 0 spa d
040 ## - FUENTE DE LA CATALOGACIÓN
Centro catalogador/agencia de origen DO-SdBNP
Lengua de catalogación spa
Centro/agencia transcriptor BNPHU
082 ## - NÚMERO DE LA CLASIFICACIÓN DECIMAL DEWEY
Número de clasificación xxx
Número de documento/Ítem H519b
100 1# - ENTRADA PRINCIPAL--NOMBRE DE PERSONA
Nombre de persona Henrot, Thérése
9 (RLIN) 62734
245 10 - MENCIÓN DE TÍTULO
Título Belgium /
Mención de responsabilidad, etc. Thérése Henrot ; english version Robert Erich Wolf.
260 ## - PUBLICACIÓN, DISTRIBUCIÓN, ETC.
Lugar de publicación, distribución, etc. London :
Nombre del editor, distribuidor, etc. Vista Books,
Fecha de publicación, distribución, etc. 1960.
300 ## - DESCRIPCIÓN FÍSICA
Extensión 191 p. :
Otras características físicas il., retrs. ;
Dimensiones 18 cm.
700 1# - PUNTO DE ACCESO ADICIONAL--NOMBRE DE PERSONA
Nombre de persona Wolf, Robert Erich
9 (RLIN) 62735
Existencias
Estado de retiro Estado de pérdida Restricciones de uso No para préstamo Código de colección Localización permanente Ubicación/localización actual Ubicación en estantería Fecha de adquisición Número de inventario Total de préstamos Signatura topográfica completa Código de barras Fecha visto por última vez Precio válido a partir de Tipo de ítem Koha
      Excluido de préstamo Monografías: Libros y Folletos General General En catalogación 18.01.2012 LF1   xxx H519b 36495-10 25.06.2020 25.06.2020 No se presta

Con tecnología Koha